Majority-Black U.S. Cities - Statistics

General Stats
  • This quiz has been taken 90 times
  • The average score is 7 of 12
Answer Stats
Population % City % Correct
383,997 57.02 New Orleans
87%
639,111 80.38 Detroit
85%
633,104 63.34 Memphis
72%
200,733 69.82 Birmingham
71%
585,708 60.42 Baltimore
68%
227,470 55.43 Baton Rouge
61%
200,603 61.91 Montgomery
61%
372,624 51.59 Cleveland
60%
187,041 53.04 Mobile
49%
187,593 57.82 Shreveport
38%
311,549 53.22 Newark
33%
202,081 58.61 Augusta
27%
No matching quizzes found
Score Distribution
Percent of People with Each Score
Percentile by Number Answered
Your Score History
You have not taken this quiz